Kto je kto v Slovenskej akadémii vied 2008

Bibliographic Details
Other Authors: Macková, Mária (Compiler)
Format: Book
Language:Slovak
PhysicalDescription:254 s. fotogr. 21 cm
Published: Bratislava Veda 2008
ISBN:9788022410120 (viaz.)
Edition:1. vyd.
Subjects:

MARC

LEADER 00000nam a2200000 a 4500
001 vtls009309694
003 SK-MaSNL
005 20260301210808.0
008 160830s2007 xo o g 001 0cslo
015 |a SNBA2008/08-03169 
020 |a 9788022410120 (viaz.) 
035 |a 9B9E1CE7-C978-4B8F-9D29-E837E47E7741 
035 |a urn:nbn:sk:snk-amlelq 
035 |a urn:nbn:sk:snk-am008yl3 
040 |a SNK  |b slo  |c SNK  |e AACR2 
041 0 |a slo 
043 |a e-xo--- 
044 |a xo  |c SK 
072 7 |a 929  |x Biografie  |2 konspekt 
072 7 |a 00  |x Veda. Všeobecnosti. Základy vedy a kultúry. Vedecká práca  |2 konspekt 
080 |a 929  |2 2001 
080 |a (036)  |2 2001 
080 |a (031)929  |2 2001 
080 |a 001.32-051  |2 2001 
245 0 0 |a Kto je kto v Slovenskej akadémii vied 2008  |c zostavila Mária Macková 
246 1 4 |a Kto je kto v SAV 2008 
250 |a 1. vyd. 
260 |a Bratislava  |b Veda  |c 2008 
300 |a 254 s.  |b fotogr.  |c 21 cm 
504 |a Reg. 
610 2 7 |a Slovenská akadémia vied  |2 SNKKA  |9 125200 
648 7 |a 2008  |2 SNKPH  |9 317238 
650 0 7 |a osobnosti  |2 SNKPH  |9 29820 
650 0 7 |a Celebrities  |2 SNKPHeng  |9 265203 
650 0 7 |a akademici  |2 SNKPH  |9 85333 
650 0 7 |a Academicians  |2 SNKPHeng  |9 328677 
655 7 |a informačné publikácie  |2 SNKPH  |9 70181 
655 7 |a Guidebooks  |2 SNKPHeng  |9 268010 
655 7 |a biografické slovníky  |2 SNKPH  |9 51960 
655 7 |a Biographical dictionaries  |2 SNKPHeng  |9 278210 
700 1 |a Macková, Mária  |4 com  |9 8406 
919 |a 978-80-224-1012-0 
958 |a OND 
968 |d 92 
999 |c 914849  |d 916779 
952 |a SNK  |b SNK  |y PREZ  |7 0  |p 17A0593912  |o snkSC 132394  |i snk2008/13772  |8 0  |0 0  |1 0  |4 0  |d 2008-07-07  |f 1  |l 0  |r 2025-06-23 00:00:00  |w 2026-02-24 
952 |a SNK  |b SNK  |y VYP  |7 0  |p 17A0593913  |o snkSC 132394 D1  |i snk2008/13773  |8 0  |0 0  |1 0  |4 0  |d 2008-07-07  |l 0  |r 2026-02-24 07:56:21  |w 2026-02-24